000 00689nam a2200205 i 4500
001 115175
003 ES-MaACL
005 20251003063120.0
007 t|
008 070223s1911 sp ||||1| spa d
100 0 _aPastor, Vicente,
_d1879-1966
_989490
245 1 4 _aLos amores de Vicente Pastor
_b: escritos por él mismo /
_cVicente Pastor ; ilustraciones de Santana Bonilla.
260 _aMadrid :
_bEl Cuento Semanal,
_c1911.
300 _a18 p. :
_bil. ;
_c26 cm.
490 1 _aEl cuento semanal ;
_v219
700 1 _aSantana Bonilla
_c, ilustrador.
_9103328
830 0 3 _aEl cuento semanal
_v219
_9185957
852 _aES-MaACL
_jG-4447(10)
999 _c115175
_d115175